Electrocatalysis
Saved in:
| Main Author: | |
|---|---|
| Other Authors: | , |
| Format: | Book |
| Published: |
New YorklbWiley-VCHlc1998
|
| Series: | Frontiers of electrochemistry
|
| Subjects: | |
| Tags: |
Add Tag
No Tags, Be the first to tag this record!
|
| Call Number : | QD 569 E38 1998 |
MARC
| LEADER | 00000pam a2200000 4500 | ||
|---|---|---|---|
| 001 | 10972 | ||
| 003 | MY-KLNDU | ||
| 005 | 20241218055145.0 | ||
| 020 | 0 | 0 | |a 0471246735 |
| 035 | |a 0000013463 | ||
| 039 | 9 | |y 200910081529 |z VLOAD | |
| 090 | 0 | 0 | |a QD 569 |b E38 1998 |
| 100 | 1 | 0 | |a lh |
| 245 | 1 | 0 | |a Electrocatalysis |c Edited by Jacek Lipkowski and Philip N. Ross |
| 260 | 0 | 0 | |a New YorklbWiley-VCHlc1998 |
| 300 | |a xiv, 376p. |b ill. |c 24cm | ||
| 440 | 0 | 0 | |a Frontiers of electrochemistry |
| 500 | 0 | 0 | |a Includes index |
| 650 | 0 | 0 | |a Electrocatalysis |
| 700 | 1 | 1 | |a Lipkowski |h Jacek |
| 700 | 1 | 1 | |a Ross |h Philip N. |
| 999 | |a vtls000010957 |c 10972 |d 10972 | ||


